| 000 | 00440nam a2200157 a 4500 | ||
|---|---|---|---|
| 001 | 000039578 | ||
| 005 | 20201002033629.0 | ||
| 008 | 130708s2012 dr a 000 0 spa d | ||
| 020 | _a9789945475524 | ||
| 040 |
_aDO-SdBNP _bspa _cBNPHU |
||
| 082 | _axxx | ||
| 100 | 1 |
_aFernández, Judit _965745 |
|
| 245 | 1 | 0 |
_aCaja de papel / _cJudit Fernández. |
| 260 |
_aSanto Domingo : _bEdiciones Rumbo Norte, _c2012. |
||
| 300 |
_a45 p. : _bil. ; _c15 cm. |
||
| 999 |
_c39068 _d39068 |
||